| 000 | 00752nam a2200205 a 4500 | ||
|---|---|---|---|
| 001 | 000041622 | ||
| 005 | 20201002035655.0 | ||
| 008 | 131014s2005 sp 001 0 spa d | ||
| 020 | _a8481646733 | ||
| 040 |
_aDO-SdBNP _bspa _cBNPHU |
||
| 245 | 0 | 0 |
_aFilosofía de la lógica / : _bedición de Raúl Oreyen y Alberto Moretti. |
| 260 |
_aMadrid : _bConsejo Superior de Investigaciones Científicas, _c2005. |
||
| 300 |
_a355 p. ; _c24 cm. |
||
| 490 | 1 |
_aEnciclopedia Iberoaméricana de Filosofía _v27 |
|
| 500 | _aIncluye índice | ||
| 700 | 1 |
_aOreyen, Raúl _eed. _968403 |
|
| 700 | 1 |
_aMoretti, Alberto _eed. _968404 |
|
| 710 | 2 |
_aConsejo Superior de Investigaciones Científicas _94786 |
|
| 830 | 0 |
_aEnciclopedia Iberoaméricana de Filosofía _v27 _915735 |
|
| 999 |
_c41112 _d41112 |
||